00460cam1a220015700 4500001001200000003000500012005001700017008004100034035001900075035002200094040000900116100003700125245008700162260004700249004000600296tmp15890573UPRA20190815094400.0951109s1985 yu eng u a(Sirsi) r75156 a(UPRA)tmp15890573 cUPRA1 aTodorovic, Aleksandar.6A35650.110aBroadcast videotape recording kechnology /cby Aleksandar Todorvic, Richard Klajn. aBelgrade :bGostav Radiotelevision,c1985.75156